000 00530cab a2200193 4500
001 ABS39257
008 090401t1988 xxu||||| |||| 00| 0 eng d
035 _a(Sirsi) u15486
041 _aeng
100 _aRoberts, J.
245 _aUpmarket down river
260 _c1988
350 _a0
490 _aChartered Surveyor Weekly
_v23(8) 26 May 1988, 56(1)
520 _aMarketing Chelsea Harbour `s new shopping centre Chelsea Garden Market .
690 _aPROPERTY-COMMERCIAL PROPERTY
942 _n0
948 _c04/03/1997
999 _c10162
_d10162